Sobre la existencia de las normas jurídicas /

Las normas jurídicas son el tema de este volumen. Los autores analizan el concepto de norma y sus distintos significados de acuerdo a los diversos contextos en que se utiliza y ubica. Para la ciencia jurídica son de especial relevancia estas distinciones.

Uloženo v:
Podrobná bibliografie
Hlavní autor: Alchourrón, Carlos (autor)
Další autoři: Bulygin, Eugenio (autor) (autor)
Médium: Kniha
Jazyk:španělština
Vydáno: México : Fontamara, 1997, c1997
Edice:(Biblioteca de Etica, Filosofía del Derecho y Política ; 39)
Témata:
Tagy: Přidat tag
Žádné tagy, Buďte první, kdo vytvoří štítek k tomuto záznamu!

MARC

LEADER 00000nam^a2200000^a^4500
001 000137054
005 20250521000000.0
009 20260310095340.187
020 |a 968-476-277-1 
037 |a Acervo ITESO - Biblioteca 
041 |a ESP 
082 |a 340. 1  |b BIB V. 39 
100 |a Alchourrón, Carlos  |e (autor) 
245 1 0 |a Sobre la existencia de las normas jurídicas /  |c C. Alchourrón, E. Bulygin. 
264 4 |a México :  |b Fontamara,  |c 1997, c1997 
300 |a 108 p. 
336 |a texto  |b txt  |2 rdacontenido 
337 |a sin mediación  |b n  |2 rdamedio 
338 |a volumen  |b nc  |2 rdasoporte 
440 1 |a (Biblioteca de Etica, Filosofía del Derecho y Política ;  |v 39) 
520 |a Las normas jurídicas son el tema de este volumen. Los autores analizan el concepto de norma y sus distintos significados de acuerdo a los diversos contextos en que se utiliza y ubica. Para la ciencia jurídica son de especial relevancia estas distinciones. 
649 |a XX 
650 |a Sistema Político 
650 |a Ontología 
650 |a Semiótica y Política 
650 |a Derecho -  |x Filosofía 
700 |a Bulygin, Eugenio  |e (autor) 
910 |a Fondo General 
920 |a Impresos - Libros 
930 |a Colección General 
905 |a 101 
901 |a 0500065847  |b IT1  |c ACC  |u 20250521 
902 |a https://opac.biblio.iteso.mx/vufind/Record/000137054